LINEAR ALGEBRA (Record no. 9431)
[ view plain ]
| 000 -LEADER | |
|---|---|
| fixed length control field | 00557nam a22001697a 4500 |
| 003 - CONTROL NUMBER IDENTIFIER | |
| control field | SGT |
| 020 ## - INTERNATIONAL STANDARD BOOK NUMBER | |
| International Standard Book Number | 9789332550070 |
| 082 ## - DEWEY DECIMAL CLASSIFICATION NUMBER | |
| Classification number | 512.55,HOF |
| 100 ## - MAIN ENTRY--PERSONAL NAME | |
| Personal name | HOFFMAN KENNETH |
| 245 ## - TITLE STATEMENT | |
| Title | LINEAR ALGEBRA |
| 250 ## - EDITION STATEMENT | |
| Edition statement | 2ND |
| 260 ## - PUBLICATION, DISTRIBUTION, ETC. (IMPRINT) | |
| Place of publication, distribution, etc | NEW DELHI |
| Name of publisher, distributor, etc | PEARSON |
| Year of Publication | 2015 |
| 300 ## - PAGE DESCRIPTION | |
| No. of Pages | 407 |
| 650 ## - SUBJECT ADDED ENTRY--TOPICAL TERM | |
| Topical term or geographic name as entry element | ALGEBRA |
| 653 ## - KEYWORDS--INDEX TERM | |
| Keyword term | LINEAR EQUATIONS, VECTOR SPACES, LINEAR TRANSFORMATIONS, POLYNOMIALS, DETERMINANTS, ELEMENTARY CANONICAL FORMS, RATIONAL AND JORDAN FORMS, INNER PRODUCT SPACES, OPERATORS ON INNER PRODUCT SPACES, BILINEAR FORMS. |
| 942 ## - ADDED ENTRY ELEMENTS (KOHA) | |
| Source of classification or shelving scheme | Dewey Decimal Classification |
| Koha item type | FPS Books |
| Withdrawn status | Lost status | Source of classification or shelving scheme | Damaged status | Not for loan | Collection code | Home library | Current library | Shelving location | Date acquired | Vendor Name | Cost, normal purchase price | SGTU | Bill Number | Full call number | Accession No. (Barcode) | Date last seen | Bill Date | Koha item type |
|---|---|---|---|---|---|---|---|---|---|---|---|---|---|---|---|---|---|---|
| Dewey Decimal Classification | Not For Loan | SCIENCE | SGT Science & Social Sciences Library | SGT Science & Social Sciences Library | Reference Book | 02/07/2016 | AHUJA BOOKS | 259.00 | SGTU | 6680 | 512.55,HOF | PS1471 | 02/07/2016 | 03/03/2016 | FPS Books |